Slay the Spire - All Defect Cards - Statistics

General Stats
  • This quiz has been taken 124 times
  • The average score is 44 of 75
Answer Stats
Rarity Type Answer % Correct
Common (Starter) Attack Strike
99%
Common (Starter) Skill Defend
97%
Common (Starter) Skill Zap
93%
Uncommon Skill Darkness
91%
Common Attack Claw
85%
Common (Starter) Skill Dualcast
85%
Rare Power Echo Form
84%
Rare Attack All for One
82%
Uncommon Power Storm
82%
Uncommon Power Defragment
79%
Uncommon Skill Glacier
76%
Common Attack Cold Snap
75%
Common Skill Coolheaded
75%
Rare Power Creative AI
75%
Rare Power Electrodynamics
72%
Common Attack Go for the Eyes
72%
Rare Power Biased Cognition
71%
Uncommon Power Hello World
71%
Common Attack Ball Lightning
69%
Rare Attack Thunder Strike
69%
Uncommon Attack Blizzard
68%
Uncommon Attack Doom and Gloom
68%
Rare Attack Meteor Strike
68%
Rare Skill Rainbow
66%
Uncommon Skill Reprogram
66%
Common Attack Beam Cell
63%
Uncommon Power Capacitor
63%
Uncommon Skill Fusion
63%
Uncommon Power Heatsinks
63%
Common Skill Leap
63%
Rare Skill Multi-Cast
63%
Uncommon Skill Chaos
62%
Uncommon Skill Chill
60%
Uncommon Attack Scrape
60%
Common Skill TURBO
60%
Rare Skill Fission
59%
Common Skill Hologram
59%
Uncommon Power Loop
59%
Uncommon Skill Consume
57%
Rare Skill Seek
57%
Rare Attack Core Surge
56%
Rare Attack Hyperbeam
56%
Common Skill Recursion
56%
Uncommon Power Self Repair
56%
Rare Power Buffer
54%
Rare Power Machine Learning
54%
Uncommon Skill Boot Sequence
51%
Uncommon Power Static Discharge
51%
Uncommon Skill White Noise
51%
Uncommon Skill Overclock
50%
Uncommon Skill Skim
49%
Common Skill Steam Barrier
49%
Common Skill Charge Battery
47%
Uncommon Skill Recycle
47%
Common Attack Sweeping Beam
47%
Rare Skill Amplify
44%
Common Attack Barrage
44%
Common Attack Compile Driver
44%
Uncommon Skill Double Energy
44%
Uncommon Attack FTL
44%
Uncommon Attack Rip and Tear
44%
Uncommon Skill Tempest
44%
Uncommon Skill Genetic Algorithm
43%
Uncommon Skill Reinforced Body
43%
Common Attack Streamline
43%
Uncommon Attack Sunder
43%
Uncommon Skill Aggregate
41%
Rare Skill Reboot
41%
Common Attack Rebound
40%
Uncommon Skill Force Field
35%
Uncommon Attack Melter
34%
Uncommon Skill Equilibrium
31%
Common Skill Stack
31%
Uncommon Attack Bullseye
25%
Uncommon Skill Auto-Shields
16%
No matching quizzes found
Score Distribution
Percent of People with Each Score
Percentile by Number Answered
Your Score History
You have not taken this quiz